00805nam a22001817a 4500999001700000003000900017008004100026040007100067082002100138100003100159245012200190260002800312300002300340505013700363942001500500945000800515952010000523 c15023d15023AR-CdUCM190425b ||||| |||| 00| 0 spa d aMUNICIPALIDAD PROVINCIAL DEL CUSCOcBIBLIOTECA MUNICIPAL DEL CUSCO aC / 340.4 /bA65 aAraujo Cordova, Joaquin E. aLa convención colectiva como sistema destinado a la prevención o solución de conflictos colectivos de trabajo / aCusco :bUnsaac,c1976. a88 hojas ;c28 cm. aLos conflictos colectivos de trabajo -- La convención colectiva de trabajo como medio de prevención de conflictos colectivos --  2ddccTESIS awfj 002ddc4070aSCAbSCAcCARTd2019-04-25g30.00oC / 340.4 / A65pSCA0003370r2019-04-25yTESIS